Studies of spodopetra litura and autographa californica nuclear polyhedrosis viruses in insect cell lines (Record no. 856585)

MARC details
000 -LEADER
fixed length control field 00860nam a2200253Ia 4500
003 - CONTROL NUMBER IDENTIFIER
control field OSt
005 - DATE AND TIME OF LATEST TRANSACTION
control field 20220930063241.0
008 - FIXED-LENGTH DATA ELEMENTS--GENERAL INFORMATION
fixed length control field 220926b |||||||| |||| 00| 0 eng d
037 ## - SOURCE OF ACQUISITION
Terms of availability Theses
040 ## - CATALOGING SOURCE
Original cataloging agency CRL
Transcribing agency CRL
Language of cataloging eng
041 ## - LANGUAGE CODE
Source of code eng
Language code of text/sound track or separate title eng
100 ## - MAIN ENTRY--PERSONAL NAME
Personal name Bansal Om Bilas
9 (RLIN) 522618
110 ## - MAIN ENTRY--CORPORATE NAME
Corporate name or jurisdiction name as entry element University of Delhi. Faculty of Sciences. Department of Biophysics
9 (RLIN) 522619
245 #0 - TITLE STATEMENT
Title Studies of spodopetra litura and autographa californica nuclear polyhedrosis viruses in insect cell lines
260 ## - PUBLICATION, DISTRIBUTION, ETC.
Place of publication, distribution, etc. Delhi
Name of publisher, distributor, etc. University of Delhi India
Date of publication, distribution, etc. 1992
650 ## - SUBJECT ADDED ENTRY--TOPICAL TERM
Topical term or geographic name entry element BIOPHYSICS
700 ## - ADDED ENTRY--PERSONAL NAME
Personal name Singh U N Gu.
9 (RLIN) 522620
700 ## - ADDED ENTRY--PERSONAL NAME
Personal name University of Delhi. Faculty of Sciences. Department of Biophysics
9 (RLIN) 522621
942 ## - ADDED ENTRY ELEMENTS (KOHA)
Koha item type Dissertations
Source of classification or shelving scheme Colon Classification (CC)
Holdings
Withdrawn status Lost status Damaged status Not for loan Home library Current library Date acquired Total Checkouts Barcode Date last seen Price effective from Koha item type
        Central Library Central Library 2022-09-30   Th0008798 2022-09-30 2022-09-30 Thesis
Copyright @ Delhi University Library System